Criminology and prison reforms / (Record no. 84391)

MARC details
000 -LEADER
fixed length control field 00549nam a22001817a 4500
005 - DATE AND TIME OF LATEST TRANSACTION
control field 20140801115330.0
010 ## - LCCN (DPL NO)
LC control number ENG-109961
020 ## - INTERNATIONAL STANDARD BOOK NUMBER
International Standard Book Number 9789351431299
Terms of availability 350.00
035 ## - SYSTEM CONTROL NUMBER
System control number EN-93494
037 ## - SOURCE OF ACQUISITION
Source of stock number/acquisition DBAD/PUB
082 ## - DEWEY DECIMAL CLASSIFICATION NUMBER
Classification number 364
100 ## - MAIN ENTRY--PERSONAL NAME
Personal name Kathpalia, Girish
245 ## - TITLE STATEMENT
Title Criminology and prison reforms /
Statement of responsibility, etc by Girish Kathpalia
260 ## - PUBLICATION, DISTRIBUTION, ETC. (IMPRINT)
Place of publication, distribution, etc Gurgaon
Name of publisher, distributor, etc Lexis Nexis
Date of publication, distribution, etc 2014
270 ## - ADDRESS
Address 14th Floor, Bldg No.10, Tower-B, DLF Cyber City, Phase-II
City Gurgaon
Postal code 122002
300 ## - PHYSICAL DESCRIPTION
Extent xix,262p.
Dimensions 24cm(pbk)
942 ## - ADDED ENTRY ELEMENTS (KOHA)
Source of classification or shelving scheme Dewey Decimal Classification
Item type English Books
Call number suffix KAT
Classification part 364
Holdings
Withdrawn status Lost status Not for loan Collection code Home library Current library Date acquired Source of acquisition Cost, normal purchase price Full call number Barcode Copy number Cost, replacement price Koha item type
    Not For Loan Non-fiction D.B.Act.Division D.B.Act.Division 21/05/2014 DBAD/PUB 350.00 364 KAT EN-93494 1 350.00 English Books

© Delhi Public Library
Hit Counter
free hit counter